| 000 | 00366nam a22001337a 4500 | ||
|---|---|---|---|
| 020 | _a0746005555 | ||
| 082 |
_a909 _bUSB _cNUST 01, P-49 |
||
| 245 | _aThe usborne book of world history | ||
| 260 |
_aLondon: _bUsborne Publication, _c1982. |
||
| 300 |
_a195 p. : _bill, ; _c24 cm. |
||
| 526 |
_a0 _b0 _c0 _d909_000000000000000_USB |
||
| 650 |
_aMCE _9379 |
||
| 942 |
_2ddc _cBK |
||
| 999 |
_c543221 _d543221 |
||